[Event "Fredericia (Women)"]
[Site "Fredericia"]
[Date "2024.05.12"]
[Round "8"]
[White "Butenandt, Svenja"]
[Black "Bochnickova, Simona"]
[Result "1-0"]
[WhiteElo "2197"]
[BlackElo "2032"]
[PlyCount "95"]
[EventDate "2024.05.08"]
[EventType "tourn"]
[EventRounds "9"]
[EventCountry "DEN"]
[SourceTitle "CB20_2024"]
[SourceDate "2024.05.16"]
[SourceVersion "1"]
[SourceVersionDate "2024.05.16"]
[SourceQuality "1"]

1. d4 Nf6 2. c4 c5 3. d5 b5 4. cxb5 a6 5. bxa6 g6 6. Nc3 Bg7 7. e4 0-0 8. Be2 Qa5 9. Bd2 Bxa6 10. Nf3 Bxe2 11. Qxe2 Qa6 12. a4 Qxe2+ 13. Kxe2 d6 14. Bg5 Nbd7 15. Nd2 Rfb8 16. Rhb1 h6 17. Bh4 Rb4 18. Kd3 c4+ 19. Kc2 Nc5 20. Ra3 g5 21. Bg3 Nfd7 22. a5 h5 23. h4 g4 24. f3 Rab8 25. a6 Nb6 26. Bf2 Rc8 27. a7 Na8 28. Na2 Rb5 29. Nxc4 Nxe4 30. fxe4 Rxc4+ 31. Kd3 Rc8 32. b4 f5 33. Ra5 fxe4+ 34. Kxe4 Rb7 35. b5 Rc2 36. Rc1 Rxf2 37. Nb4 Rf4+ 38. Kxf4 Bh6+ 39. Kf5 Bxc1 40. Nc6 Be3 41. Kg6 Bf2 42. Kxh5 g3 43. Kg6 Be1 44. Ra1 Bf2 45. h5 Rxb5 46. h6 Rb3 47. h7+ Kh8 48. Nd8 1-0

[Event "Fredericia (Women)"]
[Site "Fredericia"]
[Date "2024.05.09"]
[Round "2"]
[White "Kakulidis, Ellen"]
[Black "Butenandt, Svenja"]
[Result "1-0"]
[WhiteElo "2063"]
[BlackElo "2197"]
[PlyCount "69"]
[EventDate "2024.05.08"]
[EventType "tourn"]
[EventRounds "9"]
[EventCountry "DEN"]
[SourceTitle "CB20_2024"]
[SourceDate "2024.05.16"]
[SourceVersion "1"]
[SourceVersionDate "2024.05.16"]
[SourceQuality "1"]

1. d4 Nf6 2. c4 e6 3. g3 d5 4. Bg2 Bb4+ 5. Nd2 0-0 6. Ngf3 dxc4 7. Qc2 c5 8. dxc5 Nc6 9. 0-0 e5 10. Nxc4 e4 11. Rd1 Qe7 12. Ng5 Bxc5 13. Be3 Re8 14. Bxc5 Qxc5 15. Nxe4 Nxe4 16. Bxe4 Bg4 17. Bxh7+ Kh8 18. Ne3 Qh5 19. Nxg4 Qxg4 20. Bd3 Re6 21. Qc4 Qh3 22. Qd5 Rh6 23. Qg2 Qh5 24. Bc4 Re8 25. Rac1 Ne5 26. Bb5 Re7 27. Rd8+ Kh7 28. Rcc8 Kg6 29. Qe4+ Kf6 30. Rd6+ Re6 31. Rxe6+ fxe6 32. Qf4+ Qf5 33. Rf8+ Nf7 34. Qxf5+ exf5 35. Bc4 1-0

[Event "Munich Youngsters IM Challenge"]
[Site "Munich"]
[Date "2023.10.11"]
[Round "6"]
[White "Butenandt, Svenja"]
[Black "Mattenberger, Matthias"]
[Result "0-1"]
[WhiteElo "2082"]
[BlackElo "2293"]
[PlyCount "70"]
[EventDate "2023.10.08"]
[EventType "team-tourn"]
[EventRounds "9"]
[EventCountry "GER"]
[SourceTitle "Mega2024 Update 01"]
[Source "Chessbase"]
[SourceDate "2023.11.12"]
[SourceVersion "1"]
[SourceVersionDate "2023.11.12"]
[SourceQuality "1"]
[WhiteTeam "Challenger IV"]
[BlackTeam "Challenger III"]
[WhiteTeamCountry "GER"]
[BlackTeamCountry "SUI"]

1. d4 Nf6 2. c4 e6 3. Nc3 Bb4 4. e3 0-0 5. Nge2 c6 6. a3 Ba5 7. c5 d5 8. cxd6 Qxd6 9. b4 Bc7 10. Ng3 e5 11. Nce4 Nxe4 12. Nxe4 Qe7 13. Bb2 Bf5 14. Ng3 Bg6 15. h4 h6 16. h5 Bh7 17. Bd3 e4 18. Bc4 Bxg3 19. fxg3 Qg5 20. Qe2 Bf5 21. Kd2 Nd7 22. Qf2 Nb6 23. Ba2 Be6 24. Qf4 Qb5 25. Bb1 f5 26. Bc2 Nc4+ 27. Kc1 a5 28. Bc3 axb4 29. Bxb4 Rfd8 30. g4 c5 31. dxc5 Qxb4 32. axb4 Rxa1+ 33. Bb1 Rd3 34. Kc2 Rd2+ 35. Kc1 Rb2 0-1

[Event "Munich Youngsters IM Challenge"]
[Site "Munich"]
[Date "2023.10.09"]
[Round "2"]
[White "Plat, Vojtech"]
[Black "Butenandt, Svenja"]
[Result "1-0"]
[WhiteElo "2503"]
[BlackElo "2082"]
[PlyCount "57"]
[EventDate "2023.10.08"]
[EventType "team-tourn"]
[EventRounds "9"]
[EventCountry "GER"]
[SourceTitle "Mega2024 Update 01"]
[Source "Chessbase"]
[SourceDate "2023.11.12"]
[SourceVersion "1"]
[SourceVersionDate "2023.11.12"]
[SourceQuality "1"]
[WhiteTeam "Meister"]
[BlackTeam "Challenger IV"]
[WhiteTeamCountry "GER"]
[BlackTeamCountry "GER"]

1. c4 e5 2. Nc3 Nf6 3. g3 d5 4. cxd5 Nxd5 5. Bg2 Nxc3 6. bxc3 Nc6 7. Rb1 Bc5 8. Qa4 Qf6 9. Nf3 0-0 10. 0-0 Rb8 11. d3 Bd7 12. Ng5 Be7 13. Be4 Bf5 14. f4 Bc5+ 15. Kg2 exf4 16. Bxf4 Ne7 17. Bxf5 Nxf5 18. Ne4 Qe7 19. Bg5 Ne3+ 20. Kf3 f6 21. Bxe3 Bxe3 22. Kxe3 f5 23. Qc4+ Kh8 24. Qb4 Qe5 25. g4 g6 26. gxf5 gxf5 27. Kd2 Rfe8 28. Qc5 fxe4 29. Rf8+ 1-0

[Event "EU-chT U18 Girls"]
[Site "Iasi"]
[Date "2023.07.24"]
[Round "1.2"]
[White "Guid, Taja"]
[Black "Butenandt, Svenja"]
[Result "0-1"]
[WhiteElo "1729"]
[BlackElo "2194"]
[PlyCount "94"]
[EventDate "2023.07.24"]
[EventType "team-swiss"]
[EventRounds "7"]
[EventCountry "ROU"]
[SourceTitle "CBM 215 Extra"]
[Source "ChessBase"]
[SourceDate "2023.09.30"]
[SourceVersion "1"]
[SourceVersionDate "2023.09.30"]
[SourceQuality "1"]
[WhiteTeam "Slovenia U18 Girls"]
[BlackTeam "Germany U18 Girls"]
[WhiteTeamCountry "SLO"]
[BlackTeamCountry "GER"]

1. e4 c6 2. Nf3 d5 3. exd5 cxd5 4. Ne5 Nc6 5. d4 a6 6. c4 e6 7. Nxc6 bxc6 8. c5 e5 9. Nc3 Nf6 10. Be3 Ng4 11. Qf3 Nxe3 12. fxe3 exd4 13. exd4 Qh4+ 14. Qf2 Qxf2+ 15. Kxf2 Rb8 16. b3 Rb4 17. Rd1 Be7 18. h3 Bf6 19. Ne2 0-0 20. g4 a5 21. Rb1 Bxd4+ 22. Nxd4 Rxd4 23. Ke3 Re4+ 24. Kd2 f5 25. Bd3 Rf4 26. Rhf1 fxg4 27. hxg4 Rxf1 28. Rxf1 Rxf1 29. Bxf1 Bxg4 30. Ke3 Kf7 31. Kf4 Bd1 32. Bd3 Kf6 33. Bxh7 g6 34. Bg8 Bc2 35. Ke3 Bf5 36. Kd4 g5 37. a3 g4 38. b4 axb4 39. axb4 Kg7 40. Bxd5 cxd5 41. b5 g3 42. Ke3 d4+ 43. Kf3 d3 44. b6 d2 45. Ke2 g2 46. b7 g1Q 47. Kxd2 Qg2+ 0-1

[Event "AUT-chT (Women) 2223"]
[Site "Austria"]
[Date "2022.10.22"]
[Round "2.4"]
[White "Butenandt, Svenja"]
[Black "Kurapova, Olga"]
[Result "1-0"]
[WhiteElo "2096"]
[BlackElo "1941"]
[PlyCount "45"]
[EventDate "2022.10.21"]
[EventType "team-tourn"]
[EventRounds "9"]
[EventCountry "AUT"]
[SourceTitle "EXT 2024"]
[Source "ChessBase"]
[SourceDate "2023.10.10"]
[SourceVersion "1"]
[SourceVersionDate "2023.10.10"]
[SourceQuality "1"]
[WhiteTeam "Mayrhofen/Zillertal (W)"]
[BlackTeam "Dornbirn (W)"]
[WhiteTeamCountry "AUT"]
[BlackTeamCountry "AUT"]

1. d4 d5 2. c4 dxc4 3. e4 Nf6 4. e5 Nd5 5. Bxc4 Nb6 6. Bd3 Nc6 7. Be3 Nb4 8. Be4 f5 9. exf6 exf6 10. a3 f5 11. axb4 Bxb4+ 12. Nc3 fxe4 13. Qh5+ Kf8 14. Nge2 Qd5 15. Qh4 Bf5 16. 0-0 Qe6 17. f3 exf3 18. Rxf3 Kg8 19. d5 Nxd5 20. Nxd5 Bd6 21. Nd4 Qxd5 22. Nxf5 Rf8 23. Nh6+ 1-0

[Event "EU-ch (Women) 22nd"]
[Site "Prague"]
[Date "2022.08.31"]
[Round "11"]
[White "Lehaci, Miruna Daria"]
[Black "Butenandt, Svenja"]
[Result "1/2-1/2"]
[WhiteElo "2186"]
[BlackElo "2032"]
[PlyCount "83"]
[EventDate "2022.08.20"]
[EventType "swiss"]
[EventRounds "11"]
[EventCountry "CZE"]
[SourceTitle "CBM 209 Extra"]
[Source "ChessBase"]
[SourceDate "2022.09.30"]
[SourceVersion "1"]
[SourceVersionDate "2022.09.30"]
[SourceQuality "1"]

1. e4 c6 2. Nc3 d5 3. Nf3 Nf6 4. e5 Ne4 5. Ne2 Qb6 6. d4 e6 7. Ng3 c5 8. Bd3 Nxg3 9. fxg3 cxd4 10. 0-0 Nc6 11. a3 Bd7 12. b4 Be7 13. Kh1 h6 14. g4 a6 15. Qe2 Na7 16. Bb2 Bb5 17. Bxd4 Qc7 18. Qe3 Bxd3 19. cxd3 Nc6 20. Rac1 Qd7 21. Bc5 0-0 22. g5 h5 23. d4 Bxc5 24. bxc5 Ne7 25. Nh4 Rab8 26. Rb1 Qc7 27. Qb3 Nc6 28. Rf4 Qd8 29. Qg3 g6 30. Rbf1 Ne7 31. Rf6 b6 32. Qf3 Qe8 33. cxb6 Rxb6 34. h3 Kg7 35. Qe3 Rb7 36. R6f2 Nf5 37. Nxf5+ exf5 38. Rc2 Qa4 39. Rc3 Rfb8 40. Kh2 Rb3 41. Rfc1 Qxa3 42. Qe1 1/2-1/2

[Event "EU-ch (Women) 22nd"]
[Site "Prague"]
[Date "2022.08.30"]
[Round "10"]
[White "Butenandt, Svenja"]
[Black "Sedina, Elena"]
[Result "1-0"]
[WhiteElo "2032"]
[BlackElo "2213"]
[PlyCount "61"]
[EventDate "2022.08.20"]
[EventType "swiss"]
[EventRounds "11"]
[EventCountry "CZE"]
[SourceTitle "CBM 209 Extra"]
[Source "ChessBase"]
[SourceDate "2022.09.30"]
[SourceVersion "1"]
[SourceVersionDate "2022.09.30"]
[SourceQuality "1"]

1. d4 d5 2. c4 c6 3. Nc3 Nf6 4. Nf3 dxc4 5. a4 e6 6. e3 c5 7. Bxc4 Nc6 8. 0-0 cxd4 9. Nxd4 Bd7 10. e4 Nxd4 11. Qxd4 Bc6 12. Qe3 Qa5 13. Rd1 Qe5 14. Qf3 Bd6 15. g3 Nxe4 16. Nxe4 Bxe4 17. Bb5+ Ke7 18. Qg4 Qf5 19. Qxg7 Rhg8 20. Qd4 Bc5 21. Qd7+ Kf6 22. Qd2 Rad8 23. Qc3+ Kg6 24. Bf4 b6 25. Re1 f6 26. Be2 Qxf4 27. gxf4 Kf5+ 28. Qg3 h5 29. Bxh5 Rxg3+ 30. hxg3 Rd2 31. Re2 1-0

[Event "EU-ch (Women) 22nd"]
[Site "Prague"]
[Date "2022.08.28"]
[Round "8"]
[White "Sliwicka, Alicja"]
[Black "Butenandt, Svenja"]
[Result "1-0"]
[WhiteElo "2260"]
[BlackElo "2032"]
[PlyCount "49"]
[EventDate "2022.08.20"]
[EventType "swiss"]
[EventRounds "11"]
[EventCountry "CZE"]
[SourceTitle "CBM 209 Extra"]
[Source "ChessBase"]
[SourceDate "2022.09.30"]
[SourceVersion "1"]
[SourceVersionDate "2022.09.30"]
[SourceQuality "1"]

1. e4 c6 2. d4 d5 3. e5 Bf5 4. h4 Qc7 5. c4 e6 6. Nc3 h6 7. Nge2 dxc4 8. Ng3 Bh7 9. Bxc4 Ne7 10. 0-0 Nd7 11. Be3 0-0-0 12. Qf3 Nb6 13. Bb3 Ned5 14. Rfc1 Kb8 15. Bd2 Qe7 16. a4 Qxh4 17. a5 Nd7 18. Nxd5 cxd5 19. Qc3 a6 20. Ba4 Qe7 21. Qc7+ Ka8 22. Bb4 Qe8 23. Bxf8 Rxf8 24. Rc3 f6 25. Rb3 1-0

[Event "Mitropa Cup (Women)"]
[Site "Corte"]
[Date "2022.05.01"]
[Round "2.4"]
[White "Schippke, Manon"]
[Black "Butenandt, Svenja"]
[Result "1-0"]
[WhiteElo "2034"]
[BlackElo "2097"]
[PlyCount "111"]
[EventDate "2022.04.30"]
[EventType "team-tourn"]
[EventRounds "9"]
[EventCountry "FRA"]
[SourceTitle "CBM 208 Extra"]
[Source "ChessBase"]
[SourceDate "2022.07.31"]
[SourceVersion "1"]
[SourceVersionDate "2022.07.31"]
[SourceQuality "1"]
[WhiteTeam "France (W)"]
[BlackTeam "Germany (W)"]
[WhiteTeamCountry "FRA"]
[BlackTeamCountry "GER"]

1. e4 c5 2. Nf3 e6 3. d4 cxd4 4. Nxd4 a6 5. Bd3 Qc7 6. 0-0 Nf6 7. Kh1 b5 8. a4 b4 9. c4 bxc3 10. Nxc3 d6 11. f4 Nbd7 12. Be3 Nc5 13. b4 Nxd3 14. Qxd3 Bb7 15. Rac1 Qd7 16. b5 axb5 17. Ndxb5 Be7 18. Rfd1 0-0 19. e5 Qc6 20. Qe2 dxe5 21. fxe5 Ne4 22. Nd5 Qxd5 23. Rxd5 Bxd5 24. Rc7 Rxa4 25. Rxe7 Bc4 26. Qb2 Bxb5 27. Ra7 Rxa7 28. Bxa7 Rd8 29. h3 Ng3+ 30. Kh2 Nf1+ 31. Kg1 Rd5 32. Qc3 h6 33. Qc8+ Kh7 34. Qc2+ Kg8 35. Qc3 Nd2 36. Bd4 Nc4 37. g4 Rd8 38. h4 Rd5 39. Kf2 Rd8 40. g5 hxg5 41. hxg5 Rd5 42. Ke1 g6 43. Qa1 Kg7 44. Kf2 Kg8 45. Qa7 Kg7 46. Bc5 Rd2+ 47. Ke1 Rd5 48. Be7 Rxe5+ 49. Kf2 Rf5+ 50. Kg3 Ne5 51. Bf6+ Rxf6 52. gxf6+ Kxf6 53. Qf2+ Kg7 54. Qb2 f6 55. Qxb5 g5 56. Qe8 1-0

[Event "BL2 Sued 2122 (Women)"]
[Site "Germany"]
[Date "2022.04.09"]
[Round "6.2"]
[White "Kosc, Renata"]
[Black "Butenandt, Svenja"]
[Result "1-0"]
[WhiteElo "1977"]
[BlackElo "2097"]
[PlyCount "129"]
[EventDate "2021.11.27"]
[EventType "team-tourn"]
[EventRounds "7"]
[EventCountry "GER"]
[SourceTitle "EXT 2023"]
[Source "ChessBase"]
[SourceDate "2022.10.05"]
[SourceVersion "1"]
[SourceVersionDate "2022.10.05"]
[SourceQuality "1"]
[WhiteTeam "Augsburg (W)"]
[BlackTeam "Bayern Muenchen (W)"]
[WhiteTeamCountry "GER"]
[BlackTeamCountry "GER"]

1. e4 c5 2. Nf3 e6 3. d4 cxd4 4. Nxd4 a6 5. c4 Nf6 6. Nc3 Qc7 7. Be2 b6 8. 0-0 Bb7 9. Be3 Nxe4 10. Nxe4 Bxe4 11. f3 Bb7 12. a3 Be7 13. Qd2 d6 14. Rfc1 Nd7 15. Bf1 0-0 16. Qf2 Rac8 17. Rc2 Qb8 18. Rac1 Bd8 19. b4 Nf6 20. g4 Nd7 21. h4 Ba8 22. g5 Ne5 23. Rc3 Bc7 24. Be2 Qb7 25. Kh2 d5 26. f4 Nxc4 27. Bxc4 dxc4 28. Rxc4 b5 29. R4c2 Rfd8 30. Nb3 Bd6 31. Rxc8 Rxc8 32. Rxc8+ Qxc8 33. Nc5 Qc6 34. Kg3 e5 35. fxe5 Bxe5+ 36. Bf4 Bd4 37. Qe2 h6 38. gxh6 gxh6 39. Qg4+ Kh8 40. Qe2 Kh7 41. h5 Qd5 42. Qd3+ Kg7 43. Qe2 Bc6 44. Qg4+ Kh7 45. Qe2 a5 46. Nd3 Qb3 47. bxa5 Qxa3 48. Kh2 b4 49. Nxb4 Qxb4 50. Qc2+ Kg7 51. Qxc6 Qb2+ 52. Qg2+ Qxg2+ 53. Kxg2 Ba7 54. Kf3 Bg1 55. Ke4 Ba7 56. Kf5 Kf8 57. Bxh6+ Ke7 58. Bg5+ Ke8 59. a6 Kf8 60. Ke5 Kg7 61. Kd5 f6 62. Bf4 Kh7 63. Kc6 Kg7 64. Kb7 Bg1 65. Bc7 1-0